Видеоигры по краткому описанию их сюжета или лора 5 - Statistics

General Stats
  • This quiz has been taken 12 times
  • The average score is 6 of 30
Answer Stats
Описание Игра % Correct
В небольшом сибирском городе начинают загадочным образом пропадать дети, и главный герой, тоже местный школьник, начинает видеть за окном своего загородного дома странных существ, похожих на играющих детей в масках зверей Зайчик
75%
Судьба свела вместе в огромном криминальном, но насыщенном на активности городе троих главных героев - неудачливого бизнесмена, молодого темнокожего парня и старика-социопата Grand Theft Auto V
58%
Игроку предстоит сыграть в необычный вариант русской рулетки с использованием дробовика и различных случайных предметов-бонусов Buckshot Roulette
42%
Игра-песочница с огромным количеством режимов и дизайном игроков, похожим на человечков из LEGO Roblox
33%
Известный киногерой отправляется на поиски древнего артефакта в захваченный нацистами Египет Indiana Jones and the Great Circle
25%
Весёлый кооперативный платформер, где двое берут на себя роль ушастых созданий с вытянутыми вперёд руками и полусогнутыми ногами Super Bunny Man
25%
Игрок берёт на себя роль оперативника, командующего отрядом спецназа, выполняющего серьёзные задания с крайне мрачным бэкграундом SWAT 4 / Ready or Not
25%
Погибший в ходе борьбы с орками отважный воин и наследный принц людей возвращается уже в виде нежити со своей армией вурдалаков ради мести за своё роковое предательство Warcraft III: The Frozen Throne
25%
Японского мафиози 90-х подставляют его же подельники, и он садится в тюрьму на 20 лет, возвращаясь на свободу в абсолютно иной для него мир в самых его низах, одержимый жаждой мести Yakuza: Like a Dragon
25%
Российская альтернатива World of Warcraft в сеттинге русских сказок Аллоды Онлайн
17%
Игрок берёт на себя роль кровожадной красной инопланетной субстанции, проникающей на космическую базу людей с целью пожрать их плоть до того, как те убегут Carrion
17%
Спецагента американских спецслужб высаживают на болотистой территории СССР с секретной разведывательной миссией касаемо нового смертельного оружия в виде самоходной ракетной установки Metal Gear Solid 3: Snake Eater
17%
Европейский воин идёт по пути японского самурая, сражаясь с потусторонними силами Nioh
17%
Жизнь главного героя протекала обыденно и весьма счастливо с его женой и маленькой дочерью, однако в неё грубо вторглись непонятные люди, похитившие обеих и увезшие их в румынскую Трансильванию, и теперь ему предстоит спасти их в этом крайне недружелюбном месте, наводнённом нечистью Resident Evil Village
17%
Командная игра про тактические сражения мультяшных мелких существ с использованием большого количества оружия, как серьёзного, так и абсурдного Worms
17%
Представитель среднего класса из Москвы внезапно для себя становится участником опасной игры, в ходе которой на него объявлена охота Чёрная метка
8%
Шутер с видом сверху про лихого идальго на Диком западе 12 is Better Than 6
8%
Инди-RPG, где все возможные механики и геймплейные моменты нужно открывать отдельно, продвигаясь по сюжету DLC Quest
8%
Небольшой мирный городок одной ночью тревожит крушение космического корабля пришельцев, после чего бродить по его улицам становится не так безопасно EarthBound
8%
Меланхоличная девушка с пышными синими волосами пытается восстановить лежащий в руинах мир Gris
8%
Компания космических наёмников-героев Marvel в своём оригинальном комиксном воплощении ввязывается в авантюру, из которой крайне трудно выпутаться Guardians of the Galaxy
8%
Небольшая старая исследовательская подводная лодка, патрулируя дно, натыкается на нечто неведомое и потенциально крайне опасное Iron Lung
8%
Японский полицейский под прикрытием внедряется в мафиозный клан, контролирующий вымышленный огромный район Токио Judgment
8%
Аркада, где главному герою необходимо собрать на уровне все кучки золота и не попасться в лапы противникам, для чего он может рыть перед собой земляные ловушки Lode Runner
8%
Маленький мальчик родом из небольшого северного народа теряется во вьюге и пытается выйти к своей деревне в компании доброго песца-помощника Never Alone
8%
Игрок берёт на себя командование небольшим отрядом маленьких злобных существ, продираясь с помощью них к верхам власти зла Overlord
8%
Экстремальные гонки на спортивных мотоциклах в разных точках планеты, в ходе которых разрешено применять насилие к оппонентам с использованием ног, железных дубинок, бейсбольных бит, цепей и так далее Road Rash
8%
Главному герою, обычному сотруднику-испытателю, необходимо сбежать из гигантского комплекса фонда содержания непонятных и потенциально крайне опасных существ и артефактов, на котором произошла чудовищная авария, высвободившая большинство из них SCP: Containment Breach
8%
В загадочном туманном зловещем городе-призраке обнаруживает себя, казалось бы, случайный дальнобойщик Silent Hill: Origins
8%
Парень-гик, игравший в гостях в НРИ, случайно попадает в RPG-подземелье Unepic
8%
No matching quizzes found
Score Distribution
Percent of People with Each Score
Percentile by Number Answered
Your Score History
You have not taken this quiz